حیات جاويد / Ḥayāt-i Jāved / (Record no. 86480)
[ view plain ]
| 000 -LEADER | |
|---|---|
| fixed length control field | 00816nam a22002057a 4500 |
| 001 - CONTROL NUMBER | |
| control field | 86480 |
| 003 - CONTROL NUMBER IDENTIFIER | |
| rucl marc code | BD-RjUL |
| 005 - DATE AND TIME OF LATEST TRANSACTION | |
| control field | 20260514124058.0 |
| 008 - FIXED-LENGTH DATA ELEMENTS--GENERAL INFORMATION | |
| fixed length control field | 260514s1957 pk ||||| |||| 00| 0 urd d |
| 035 ## - SYSTEM CONTROL NUMBER | |
| System control number | (BD-RjUL) 86480 |
| 040 ## - CATALOGING SOURCE | |
| Original cataloging agency | BD-RjUL |
| Language of cataloging | eng |
| Transcribing agency | BD-RjUL |
| 041 ## - LANGUAGE CODE | |
| Language code of text/sound track or separate title | urd |
| 082 ## - DEWEY DECIMAL CLASSIFICATION NUMBER | |
| Edition number | 23 |
| Classification number | 891.439092 |
| Author mark and year | HAH 1957 |
| 100 ## - MAIN ENTRY--PERSONAL NAME | |
| Personal name | حالى، خواجہ الطاف حسىن، |
| Dates associated with a name | 1837-1914 |
| 9 (RLIN) | 18485 |
| 245 10 - TITLE STATEMENT | |
| Title | حیات جاويد / Ḥayāt-i Jāved / |
| Statement of responsibility, etc. | :خواجہ الطاف حسین حالى ؛ مرتب، ڈاکٹر على محمد خاں,= ; murattib, K̲h̲vājah Alt̤āf Ḥusain Ḥālī (Author), ʻAlī Muḥammad K̲h̲ān̲ |
| 300 ## - PHYSICAL DESCRIPTION | |
| Pagination | 744 p. ; |
| Size | 22 cm |
| 600 ## - SUBJECT ADDED ENTRY--PERSONAL NAME | |
| Personal name | جاويد |
| General subdivision | Biography |
| 700 ## - ADDED ENTRY--PERSONAL NAME | |
| Personal name | K̲h̲ān̲, Alī Muḥammad ;; خاں، على محمد |
| 942 ## - ADDED ENTRY ELEMENTS (KOHA) | |
| Source of classification or shelving scheme | Dewey Decimal Classification |
| Koha item type | Books |
| Lost status | Source of classification or shelving scheme | Damaged status | Not for loan | Collection code | Permanent Location | Current Location | Shelving location | Date acquired | Total Checkouts | Full call number | Date last seen | Copy number | Koha item type |
|---|---|---|---|---|---|---|---|---|---|---|---|---|---|
| Dewey Decimal Classification | Added to bundle | Non-fiction | Central Library, University of Rajshahi | Central Library, University of Rajshahi | Reading Room | 14/05/2026 | U 891.439092 HAH 1957 | 14/05/2026 | C-1 | Books |